000 00444nam a2200181Ia 4500
001 22270
005 20260414150820.0
008 260414t2016||||xx |||||||||||||| ||spa||
041 _aESP
082 _a621.3
_bP84
100 _aPramanik, Ashutosh
_eAUT
245 0 _aElectromagnetism :
_bproblems with solutions
260 _c2016
300 _axiv, 906 páginas :
_c23 cm.
650 _aTCA
654 _aCET
942 _cLIB
_dJUS
_fJUS
_2ddc
_n
999 _c22270
_d22270